BASIC ASPECTS OF MEDIA WRITING (Record no. 13146)

MARC details
000 -LEADER
fixed length control field 00350nam a22001457a 4500
003 - CONTROL NUMBER IDENTIFIER
control field SGT
020 ## - INTERNATIONAL STANDARD BOOK NUMBER
International Standard Book Number 9788173914904
082 ## - DEWEY DECIMAL CLASSIFICATION NUMBER
Classification number 302.23
Item number B03G
100 ## - MAIN ENTRY--PERSONAL NAME
Personal name GUPTA, OM
245 ## - TITLE STATEMENT
Title BASIC ASPECTS OF MEDIA WRITING
260 ## - PUBLICATION, DISTRIBUTION, ETC. (IMPRINT)
Place of publication, distribution, etc NEW DELHI
Name of publisher, distributor, etc Kanishka Publishers & Distributors
Year of Publication 2003
300 ## - PAGE DESCRIPTION
No. of Pages 107
650 ## - SUBJECT ADDED ENTRY--TOPICAL TERM
Topical term or geographic name as entry element MASS COMMUNICATION
942 ## - ADDED ENTRY ELEMENTS (KOHA)
Source of classification or shelving scheme Dewey Decimal Classification
Koha item type Books
Holdings
Withdrawn status Lost status Source of classification or shelving scheme Damaged status Not for loan Collection code Home library Current library Shelving location Date acquired Vendor Name Cost, normal purchase price SGTU Bill Number Total Checkouts Full call number Accession No. (Barcode) Date last seen Bill Date Koha item type
    Dewey Decimal Classification     MASS COMMUNICATION SGT Science & Social Sciences Library SGT Science & Social Sciences Library Text Book 26/08/2017 INDIAN PUBLISHER NEW DELHI 350.00 SGTU 10   302.23 B03G MC454 26/08/2017 29/04/2017 Books
    Dewey Decimal Classification     MASS COMMUNICATION SGT Science & Social Sciences Library SGT Science & Social Sciences Library Text Book 26/08/2017 INDIAN PUBLISHER NEW DELHI 350.00 SGTU 10   302.23 B03G MC455 26/08/2017 29/04/2017 Books
    Dewey Decimal Classification     MASS COMMUNICATION SGT Science & Social Sciences Library SGT Science & Social Sciences Library Text Book 26/08/2017 INDIAN PUBLISHER NEW DELHI 350.00 SGTU 10   302.23 B03G MC456 26/08/2017 29/04/2017 Books